Prénoms commençant par la lettre "H" - Statistiques

Statistiques générales
  • Ce quiz a été pris 166 fois
  • Le résultat moyen est 6 sur 15
Statistiques - réponses
Indice Prénom % Correct
J. K. Rowling Harry
81%
C'est un fameux trois-mâts, fin comme un oiseau Hugues
74%
Elle est à l'origine de la guerre de Troie Hélène
73%
L'Odyssée Homère
71%
La poule au pot tous les dimanches Henri
62%
Vipère au poing Hervé
50%
Il a écrit "Sans famille" Hector
47%
La Comédie humaine Honoré
37%
Saint patron des chasseurs Hubert
35%
Avec Abélard Héloïse
32%
La frégate de la liberté Hermione
19%
Hubert Lœnhardt Herbert
12%
Sainte patronne des bateliers Honorine
5%
Fanfare Harmonie
3%
Plusieurs tempêtes tropicales et ouragans Hortense
2%
Aucun quiz correspondant
Distribution des résultats
% des personnes avec chaque résultat
Percentile par nombre de réponses
Votre historique - résultats
Vous n’avez pas pris ce quiz